000 00598nam a2200181Ia 4500
001 4463
005 20260306145758.0
008 260306t2006||||xx |||||||||||||| ||spa||
041 _aESP
082 _a323
_bR63
100 _aRíos Barrientos, Mario
_eAUT
245 0 _aParticipación y vigilancia ciudadana en la actividad Minera:
_bimplicancias en el derecho a la salud: estudio de caso de la comunidad campesina San Pedro de Tongos y la empresa minera los Quenuales S.A.
260 _c2006
300 _a127 páginas :
_c21 cm.
650 _aGEN
654 _aCHU
942 _cLIB
_dJUS
_fJUS
_2ddc
_n
999 _c4463
_d4463